000 00723nam a22002417a 4500
001 62249
003 UA-OsUOA
005 20220304123713.0
007 ta
008 20090814b un ||||| |||| 00| 0 ukr d
040 _aUA-OsUOA
_brus
_cUA-OsUOA
_dUA-OsUOA
041 _arus
080 _a821.161.1
090 _a821.161.1
_bБ21
100 _aБальзак О.
245 _aСобрание сочинений в 24 томах
260 _aМ.
_bПравда
_c1960
300 _a455 с.
505 _gТ. 13
_tЧеловеческая комедия. Этюды о нравах. Сцены парижской жизни
650 7 _a821 Художня література
_2UDC
942 _cBK
_2udc
955 _a3
999 _c348339
_d348339